Processo Penal Comentr̀ios s̉ Recentes Alteraė̳s

Detalles Bibliográficos
Autor principal: Ferraz, Rǧis
Formato: eBook
Lenguaje:portugués
Publicado: Sô Paulo : Editoria mundo jurd̕ico, 2008
Materias:
Acceso en línea:http://www.vlex.com/source/6911

MARC

LEADER 00000nam a22000007a 4500
005 20130117181209.0
007 cr|||| ||||
008 130117e2008 bl |||||s|||| 00||0 por d
020 |a 978-85-88576-63-6 
035 |a 6911 
040 |a vLex 
090 |c 3534  |d 3534 
100 1 0 |a Ferraz, Rǧis  
245 1 0 |a Processo Penal  |b Comentr̀ios s̉ Recentes Alteraė̳s  |h [Recurso electrn̤ico] 
256 |a Servicio en ln̕ea 
260 |a Sô Paulo :  |b Editoria mundo jurd̕ico,   |c 2008 
300 |a 1 Recurso electrn̤ico 
650 0 4 |a Procedimiento penal  |z Brasil 
740 |a vLex Libros (Servicio en ln̕ea) 
856 |a Acceso restringido  |u http://www.vlex.com/source/6911 
942 |c BOOK 
999 0 |a Criminal procedure